The role of property in recessionary cycles January 2010 (Record no. 110386)

MARC details
000 -LEADER
fixed length control field 01353cad a22002175a 4500
001 - CONTROL NUMBER
control field L149148
008 - FIXED-LENGTH DATA ELEMENTS--GENERAL INFORMATION
fixed length control field 100118s2010 xxk f 000 0 eng d
035 ## - SYSTEM CONTROL NUMBER
System control number (Sirsi) u149148
041 0# - LANGUAGE CODE
Language code of text/sound track or separate title eng
050 04 - LIBRARY OF CONGRESS CALL NUMBER
Classification number 333.33 $2 18
110 2# - MAIN ENTRY--CORPORATE NAME
Corporate name or jurisdiction name as entry element British Council of Offices
9 (RLIN) 5820
245 04 - TITLE STATEMENT
Title The role of property in recessionary cycles January 2010
Medium [electronic resource]
260 ## - PUBLICATION, DISTRIBUTION, ETC.
Place of publication, distribution, etc. London
Name of publisher, distributor, etc. BCO
Date of publication, distribution, etc. 2010
520 ## - SUMMARY, ETC.
Summary, etc. This research looks at how to develop a property strategy during an economic downturn, analysing the way large occupiers used their property assets most effectively and indicating which lessons are transferable to the small and medium sized enterprise. Based on interviews with 29 occupier organisations responsible for more than 20 million square feet of office space, the report offers four case studies and pointers for future action. Also included is a spreadsheet-based property strategy tool which enables a comparison between your own property strategy and best practice with a link to full instructions on how to use the tool.
590 ## - LOCAL NOTE (RLIN)
Local note KA NTK
651 #4 - SUBJECT ADDED ENTRY--GEOGRAPHIC NAME
Geographic name United Kingdom
Chronological subdivision
690 ## - LOCAL SUBJECT ADDED ENTRY--TOPICAL TERM (OCLC, RLIN)
Topical term or geographic name as entry element Block management
9 (RLIN) 6220
690 ## - LOCAL SUBJECT ADDED ENTRY--TOPICAL TERM (OCLC, RLIN)
Topical term or geographic name as entry element MANAGEMENT-BUSINESS MANAGEMENT-BUSINESS PLANNING
856 48 - ELECTRONIC LOCATION AND ACCESS
Uniform Resource Identifier <a href="https://www.bco.org.uk/research/researchreports/detail.cfm?rid=150">https://www.bco.org.uk/research/researchreports/detail.cfm?rid=150</a>
Public note View the report free of charge at www.bco.org.uk
942 ## - ADDED ENTRY ELEMENTS (KOHA)
Suppress in OPAC 0
Holdings
Withdrawn status Lost status Source of classification or shelving scheme Damaged status Not for loan Home library Current library Shelving location Date acquired Total Checkouts Full call number Barcode Date last seen Copy number Price effective from Koha item type
    Dewey Decimal Classification     Virtual Virtual Online 18/01/2010   ONLINE PUBLICATION 149148-2001 06/08/2019 1 06/08/2019 Book